Landlords' safety net. (Record no. 61327)

MARC details
000 -LEADER
fixed length control field 00779cam a2200181 4500
001 - CONTROL NUMBER
control field WB3528-38
008 - FIXED-LENGTH DATA ELEMENTS--GENERAL INFORMATION
fixed length control field 000000n1999 000 0 eng u
035 ## - SYSTEM CONTROL NUMBER
System control number (Sirsi) u102301
245 ## - TITLE STATEMENT
Title Landlords' safety net.
260 ## - PUBLICATION, DISTRIBUTION, ETC.
Date of publication, distribution, etc. 1999
490 ## - SERIES STATEMENT
Series statement Evening Standard
Volume/sequential designation 21 July 1999, 2:42(1)
520 ## - SUMMARY, ETC.
Summary, etc. A proposed private member's bill, the Clients' Accounts Bill, would create a legal requirement for letting agents to hold their clients' funds in segregated bank accounts, where it would be protected if the firm failed. The Association of Residential Letting Agents (Arla) is supporting the bill.
650 ## - SUBJECT ADDED ENTRY--TOPICAL TERM
Topical term or geographic name entry element RESIDENTIAL LETTING
650 ## - SUBJECT ADDED ENTRY--TOPICAL TERM
Topical term or geographic name entry element LETTING AGENTS
650 ## - SUBJECT ADDED ENTRY--TOPICAL TERM
Topical term or geographic name entry element MANAGEMENT-BUSINESS MANAGEMENT-FINANCIAL MANAGEMENT-ACCOUNTING
690 ## - LOCAL SUBJECT ADDED ENTRY--TOPICAL TERM (OCLC, RLIN)
Topical term or geographic name as entry element HOUSING
942 ## - ADDED ENTRY ELEMENTS (KOHA)
Suppress in OPAC 0
Holdings
Withdrawn status Lost status Source of classification or shelving scheme Damaged status Not for loan Home library Current library Shelving location Date acquired Total Checkouts Full call number Barcode Date last seen Copy number Price effective from Koha item type
    Dewey Decimal Classification     London London News article 19/11/1999   WB3528-38 102301-1001 06/08/2019 1 06/08/2019 News article